Towards a general theory of mixed zones: The role of congestion (Record no. 106759)

000 -LEADER
fixed length control field 00458pab a2200181 454500
008 - FIXED-LENGTH DATA ELEMENTS--GENERAL INFORMATION
fixed length control field 180718b2014 xxu||||| |||| 00| 0 eng d
100 ## - MAIN ENTRY--PERSONAL NAME
Personal name Kantor, Yuval
245 ## - TITLE STATEMENT
Title Towards a general theory of mixed zones: The role of congestion
260 ## - PUBLICATION, DISTRIBUTION, ETC.
Date of publication, distribution, etc. 2014
300 ## - PHYSICAL DESCRIPTION
Extent p.50-58.
362 ## - DATES OF PUBLICATION AND/OR SEQUENTIAL DESIGNATION
Dates of publication and/or sequential designation Sep
650 ## - SUBJECT ADDED ENTRY--TOPICAL TERM
Topical term or geographic name entry element Land use
700 ## - ADDED ENTRY--PERSONAL NAME
Personal name Ommeren, Jos Van
700 ## - ADDED ENTRY--PERSONAL NAME
Personal name Reitveld, Piet
773 ## - HOST ITEM ENTRY
Main entry heading Journal of Urban Economics
908 ## - PUT COMMAND PARAMETER (RLIN)
Put command parameter N
909 ## -
-- 106764
Holdings
Withdrawn status Lost status Damaged status Not for loan Permanent Location Current Location Date acquired Serial Enumeration / chronology Barcode Date last seen Price effective from Koha item type
        Indian Institute of Public Administration Indian Institute of Public Administration 2018-07-19 Volume no: 83, AR107224 2018-07-19 2018-07-19 Articles

Powered by Koha